000
00265nam a2200109Ia 4500
008
190914s9999||||xx |||||||||||||| ||und||
100
_a
Ali Shaikh
245
0
_a
Sindh : Through The Centuries II
260
_a
Lahore
_b
Mansoor Book
_c
2002
300
_a
672
942
_c
BK
999
_c
9367
_d
9367